[Event "EU-Cup 14th Group2"]
[Site "Bonnevoie"]
[Date "1998.09.11"]
[Round "1"]
[White "Kanko, Ilkka"]
[Black "Hartman, Christer"]
[Result "1-0"]
[WhiteElo "2270"]
[BlackElo "2345"]
[PlyCount "89"]
[EventDate "1998.09.11"]
[EventType "team-k.o."]
[EventRounds "3"]
[EventCountry "LUX"]
[SourceTitle "EXT 2020"]
[Source "ChessBase"]
[SourceDate "2019.10.17"]
[SourceVersion "1"]
[SourceVersionDate "2019.10.17"]
[SourceQuality "1"]
[WhiteTeam "Helsinki HSK"]
[BlackTeam "Stockholm Rockaden"]
[WhiteTeamCountry "FIN"]
[BlackTeamCountry "SWE"]

1. d4 d5 2. c4 dxc4 3. Nf3 a6 4. e3 Nf6 5. Bxc4 e6 6. 0-0 c5 7. Bb3 Nc6 8. Nc3 Be7 9. dxc5 Qxd1 10. Rxd1 Bxc5 11. Bd2 Ba7 12. Rac1 Bd7 13. Ng5 0-0 14. Nce4 Nxe4 15. Nxe4 Bb8 16. Bb4 Nxb4 17. Rxd7 Be5 18. Rxb7 Bxb2 19. Rcc7 Nd5 20. Bxd5 exd5 21. Nd6 Be5 22. Rxf7 Rxf7 23. Nxf7 Rc8 24. g3 Bf6 25. Nd6 Rc1+ 26. Kg2 h5 27. Rb8+ Kh7 28. Rb6 h4 29. Rxa6 Rc2 30. h3 hxg3 31. Kxg3 Be5+ 32. f4 Bc3 33. f5 Be5+ 34. Kf3 Rh2 35. Nf7 Bf6 36. Kg4 Kg8 37. Nd6 Rg2+ 38. Kf3 Rh2 39. Ra8+ Kh7 40. a4 Rxh3+ 41. Ke2 d4 42. exd4 Bxd4 43. Nf7 Re3+ 44. Kd2 g6 45. f6 1-0

[Event "Stockholm"]
[Site "Stockholm"]
[Date "1998.06.14"]
[Round "9"]
[White "Yoos, John C"]
[Black "Hartman, Christer"]
[Result "1-0"]
[WhiteElo "2365"]
[BlackElo "2345"]
[PlyCount "91"]
[EventDate "1998.06.06"]
[EventType "tourn"]
[EventRounds "9"]
[EventCountry "SWE"]
[EventCategory "5"]
[SourceTitle "CBM 064 Extra"]
[Source "ChessBase"]
[SourceDate "1998.07.07"]
[SourceVersion "1"]
[SourceVersionDate "1998.07.07"]
[SourceQuality "1"]

1. e4 e5 2. f4 exf4 3. Nf3 d6 4. Bc4 h6 5. d4 g5 6. h4 Bg7 7. 0-0 Nf6 8. hxg5 Nh5 9. g6 fxg6 10. c3 Nc6 11. Nh2 Rf8 12. b4 Qh4 13. b5 Ne7 14. Nd2 Ng3 15. Re1 g5 16. Ba3 g4 17. e5 dxe5 18. Ndf3 gxf3 19. Nxf3 Qh5 20. Nxe5 Qxd1 21. Raxd1 Ngf5 22. Ng6 Rf7 23. Bxf7+ Kxf7 24. Nxe7 Ne3 25. Rxe3 fxe3 26. Rf1+ Ke6 27. Re1 Bf8 28. Rxe3+ Kd7 29. c4 a6 30. b6 Bxe7 31. Rxe7+ Kc6 32. bxc7 Bd7 33. Bc1 Kxc7 34. Bxh6 Re8 35. Bf4+ Kd8 36. Rxe8+ Bxe8 37. c5 Bf7 38. a3 Kd7 39. Kf2 Kc6 40. Ke3 Kd5 41. Be5 Kc4 42. Kf4 Bd5 43. g4 a5 44. g5 a4 45. g6 Kb3 46. Bd6 1-0

[Event "Stockholm"]
[Site "Stockholm"]
[Date "1998.06.13"]
[Round "8"]
[White "Hartman, Christer"]
[Black "Hjelm, Niclas"]
[Result "0-1"]
[WhiteElo "2345"]
[BlackElo "2315"]
[PlyCount "80"]
[EventDate "1998.06.06"]
[EventType "tourn"]
[EventRounds "9"]
[EventCountry "SWE"]
[EventCategory "5"]
[SourceTitle "CBM 064 Extra"]
[Source "ChessBase"]
[SourceDate "1998.07.07"]
[SourceVersion "1"]
[SourceVersionDate "1998.07.07"]
[SourceQuality "1"]

1. e4 e5 2. Nf3 Nc6 3. Bb5 Nf6 4. 0-0 Nxe4 5. d4 Nd6 6. Bxc6 dxc6 7. dxe5 Ne4 8. Qe2 Bf5 9. Rd1 Qc8 10. Nd4 Bc5 11. Be3 0-0 12. f3 Bxd4 13. Rxd4 Nc5 14. Rf4 Na6 15. Rh4 Qe6 16. g4 Qxe5 17. gxf5 Rfe8 18. Kf2 Qxb2 19. Qd3 Qxa1 20. f6 g6 21. Nc3 Rad8 22. Re4 h5 23. Rxe8+ Rxe8 24. Qd2 Qh1 25. Kg3 h4+ 26. Kf4 Nb4 27. Qf2 Nd5+ 28. Nxd5 cxd5 29. Qxh4 Re4+ 30. fxe4 Qxe4+ 31. Kg5 Qxe3+ 32. Qf4 Qxf4+ 33. Kxf4 Kf8 34. Ke5 Ke8 35. Kxd5 Kd7 36. c4 b6 37. a3 a6 38. c5 c6+ 39. Kd4 b5 40. Kc3 a5 0-1

[Event "Stockholm"]
[Site "Stockholm"]
[Date "1998.06.11"]
[Round "6"]
[White "Hartman, Christer"]
[Black "Claesen, Jeroen"]
[Result "1-0"]
[WhiteElo "2345"]
[BlackElo "2320"]
[PlyCount "81"]
[EventDate "1998.06.06"]
[EventType "tourn"]
[EventRounds "9"]
[EventCountry "SWE"]
[EventCategory "5"]
[SourceTitle "CBM 064 Extra"]
[Source "ChessBase"]
[SourceDate "1998.07.07"]
[SourceVersion "1"]
[SourceVersionDate "1998.07.07"]
[SourceQuality "1"]

1. e4 d6 2. d4 Nf6 3. Nc3 g6 4. Bg5 c6 5. Qd2 Bg7 6. f4 b5 7. Bd3 Nbd7 8. Nf3 Nb6 9. 0-0 0-0 10. Rae1 b4 11. Nd1 c5 12. e5 Nfd5 13. dxc5 dxc5 14. Ne3 f6 15. Nxd5 Qxd5 16. b3 Rd8 17. Bh4 Bf5 18. exf6 Bxf6 19. Bxf6 Bxd3 20. Bxe7 Bxf1 21. Bxd8 Rxd8 22. Qxd5+ Nxd5 23. Kxf1 Nxf4 24. g3 Nd5 25. Re5 Rf8 26. Rxd5 Rxf3+ 27. Ke2 Rc3 28. Kd2 a5 29. Rd3 Rxd3+ 30. Kxd3 Kf7 31. Kc4 Ke6 32. Kxc5 Kf5 33. Kb5 Kg4 34. Kxa5 Kh3 35. Kxb4 h5 36. a4 Kxh2 37. a5 g5 38. a6 h4 39. gxh4 g4 40. a7 g3 41. a8Q 1-0

[Event "Stockholm"]
[Site "Stockholm"]
[Date "1998.06.06"]
[Round "1"]
[White "Fries Nielsen, Jens Ove"]
[Black "Hartman, Christer"]
[Result "1-0"]
[WhiteElo "2395"]
[BlackElo "2345"]
[PlyCount "74"]
[EventDate "1998.06.06"]
[EventType "tourn"]
[EventRounds "9"]
[EventCountry "SWE"]
[EventCategory "5"]
[SourceTitle "CBM 064 Extra"]
[Source "ChessBase"]
[SourceDate "1998.07.07"]
[SourceVersion "1"]
[SourceVersionDate "1998.07.07"]
[SourceQuality "1"]

1. e4 e5 2. Nf3 Nc6 3. Nc3 Nf6 4. g3 d5 5. exd5 Nxd5 6. Bg2 Nxc3 7. bxc3 Bd6 8. 0-0 0-0 9. Rb1 Rb8 10. d3 Bd7 11. Re1 h6 12. Nh4 f5 13. d4 e4 14. Ng6 Re8 15. h4 Qf6 16. Nf4 Qf7 17. Bf1 g5 18. hxg5 hxg5 19. Nh3 g4 20. Nf4 Na5 21. d5 b6 22. Be3 Nb7 23. Qd2 Nc5 24. Bc4 b5 25. Bxc5 Bxc5 26. Bb3 Bd6 27. Kg2 a5 28. a3 a4 29. Ba2 Rb6 30. Ne6 Bxe6 31. dxe6 Qf6 32. Rh1 f4 33. gxf4 Bxf4 34. Qd7 Qe7 35. Rh4 Bg5 36. Rxg4 Kh7 37. Qxe7+ Bxe7 1-0

[Event "Excelsior Cup"]
[Site "Gothenburg"]
[Date "1998.01.12"]
[Round "6"]
[White "Hartman, Christer"]
[Black "Gausel, Einar"]
[Result "0-1"]
[WhiteElo "2345"]
[BlackElo "2555"]
[PlyCount "90"]
[EventDate "1998.01.07"]
[EventType "tourn"]
[EventRounds "9"]
[EventCountry "SWE"]
[EventCategory "9"]
[SourceTitle "CBM 063"]
[Source "ChessBase"]
[SourceDate "1998.03.26"]
[SourceVersion "1"]
[SourceVersionDate "1998.03.26"]
[SourceQuality "1"]

1. e4 g6 2. d4 Bg7 3. Nc3 d6 4. f4 a6 5. Nf3 b5 6. Bd3 Bb7 7. Qe2 Nd7 8. e5 c5 9. Be4 Bxe4 10. Nxe4 cxd4 11. exd6 Nh6 12. a4 0-0 13. axb5 exd6 14. 0-0 axb5 15. Rxa8 Qxa8 16. Nxd6 b4 17. Bd2 Qb8 18. Qe7 Nb6 19. Ne4 Nd5 20. Qc5 Nxf4 21. Qxb4 Qxb4 22. Bxb4 Rc8 23. Bd2 Nd5 24. Rc1 Nf5 25. Kf2 Nfe3 26. c3 f5 27. Nd6 Rd8 28. Nb5 dxc3 29. bxc3 Nc4 30. Be1 Nf4 31. Rb1 Ra8 32. g3 Ra2+ 33. Kg1 Nh3+ 34. Kh1 g5 35. Nbd4 Bxd4 36. cxd4 g4 37. Nh4 Ne3 38. d5 Nxd5 39. Nxf5 h5 40. Rd1 Rf2 41. Bxf2 Nxf2+ 42. Kg1 Nxd1 43. h3 gxh3 44. Kh2 Nf2 45. g4 Nf6 0-1

[Event "Excelsior Cup"]
[Site "Gothenburg"]
[Date "1998.01.11"]
[Round "5"]
[White "Gavrikov, Viktor"]
[Black "Hartman, Christer"]
[Result "1-0"]
[WhiteElo "2555"]
[BlackElo "2345"]
[PlyCount "79"]
[EventDate "1998.01.07"]
[EventType "tourn"]
[EventRounds "9"]
[EventCountry "SWE"]
[EventCategory "9"]
[SourceTitle "CBM 063"]
[Source "ChessBase"]
[SourceDate "1998.03.26"]
[SourceVersion "1"]
[SourceVersionDate "1998.03.26"]
[SourceQuality "1"]

1. c4 e5 2. g3 Nf6 3. Bg2 Nc6 4. Nf3 g6 5. Nc3 Bg7 6. d4 exd4 7. Nxd4 0-0 8. Nc2 d6 9. 0-0 Re8 10. Bg5 h6 11. Bd2 Bd7 12. b3 a6 13. Ne3 Rb8 14. Rc1 Nd4 15. Ned5 Nxd5 16. cxd5 Nb5 17. e3 Bf5 18. Re1 h5 19. a4 Nxc3 20. Bxc3 b5 21. Bxg7 Kxg7 22. Qd4+ f6 23. Qa7 Re7 24. Qxa6 Rb6 25. Qa5 bxa4 26. bxa4 Qb8 27. Qd2 Rb4 28. a5 Qb5 29. a6 Ra4 30. Bf1 Qb3 31. Ra1 Be4 32. a7 Re8 33. Rxa4 Qxa4 34. Qd4 Qa5 35. Rd1 Bf3 36. Rb1 Ra8 37. Rb7 Qxd5 38. Rxc7+ Kh6 39. Qxf6 Be4 40. Qf4+ 1-0

[Event "SWE-chT 9798"]
[Site "Sweden"]
[Date "1998.??.??"]
[Round "7"]
[White "Hartman, Christer"]
[Black "Sixtensson, Mikael"]
[Result "1-0"]
[WhiteElo "2345"]
[BlackElo "2175"]
[PlyCount "45"]
[EventDate "1997.??.??"]
[EventType "team"]
[EventRounds "9"]
[EventCountry "SWE"]
[SourceTitle "EXT 2000"]
[Source "ChessBase"]
[SourceDate "1999.11.16"]
[SourceVersion "1"]
[SourceVersionDate "1999.11.16"]
[SourceQuality "1"]

1. e4 c5 2. Nf3 Nc6 3. d4 cxd4 4. Nxd4 g6 5. Nc3 Bg7 6. Be3 Nf6 7. Bc4 0-0 8. Bb3 Qa5 9. 0-0 Ng4 10. Qxg4 Nxd4 11. Nd5 Nc6 12. Bg5 Re8 13. Qh4 Kh8 14. Nxe7 Nxe7 15. Bxe7 Qe5 16. Bg5 f6 17. Bd2 Qxb2 18. Bf7 g5 19. Qh5 Rxe4 20. Bd5 Re7 21. Rae1 Qa3 22. Rxe7 Qxe7 23. Re1 1-0

[Event "Tanta op 1st"]
[Site "Tanta"]
[Date "1997.??.??"]
[Round "5"]
[White "Hartman, Christer"]
[Black "Berelowitsch, Alexander"]
[Result "0-1"]
[WhiteElo "2310"]
[BlackElo "2495"]
[PlyCount "64"]
[EventDate "1997.??.??"]
[EventType "swiss"]
[EventRounds "10"]
[EventCountry "EGY"]
[SourceTitle "EXT 1998"]
[Source "ChessBase"]
[SourceDate "1997.11.17"]
[SourceVersion "1"]
[SourceVersionDate "1997.11.17"]
[SourceQuality "1"]

1. e4 e6 2. d4 d5 3. Nc3 Bb4 4. e5 c5 5. a3 Bxc3+ 6. bxc3 Ne7 7. Nf3 Bd7 8. h4 Qc7 9. h5 h6 10. Rh4 Nbc6 11. Rb1 0-0-0 12. dxc5 Nxe5 13. Rhb4 Nxf3+ 14. Qxf3 Bc6 15. Bb5 Rd7 16. Bf4 e5 17. Qh3 exf4 18. Bxc6 Nxc6 19. Rxb7 Qe5+ 20. Kf1 Qe6 21. Qxe6 fxe6 22. Rxd7 Kxd7 23. Rb7+ Ke8 24. Rc7 Ne7 25. Rxa7 Kf7 26. c4 dxc4 27. Ra4 e5 28. Rxc4 Ke6 29. Ra4 Rc8 30. Ra5 Kd5 31. Ra7 Nf5 32. Rd7+ Ke6 0-1

[Event "Karsten Kold op"]
[Site "Gistrup"]
[Date "1997.??.??"]
[Round "9"]
[White "Hartman, Christer"]
[Black "Hellsten, Johan"]
[Result "1/2-1/2"]
[WhiteElo "2320"]
[BlackElo "2495"]
[PlyCount "190"]
[EventDate "1997.07.??"]
[EventType "swiss"]
[EventRounds "10"]
[EventCountry "DEN"]
[SourceTitle "EXT 1998"]
[Source "ChessBase"]
[SourceDate "1997.11.17"]
[SourceVersion "1"]
[SourceVersionDate "1997.11.17"]
[SourceQuality "1"]

1. e4 c5 2. Nf3 e6 3. d4 cxd4 4. Nxd4 a6 5. Nc3 Qc7 6. g3 Nf6 7. Bg2 Be7 8. 0-0 0-0 9. Be3 Nc6 10. Qe2 d6 11. Rad1 Bd7 12. h3 Nxd4 13. Bxd4 Bc6 14. Rfe1 Rfe8 15. e5 dxe5 16. Bxe5 Qb6 17. Ne4 Nxe4 18. Bxe4 Rad8 19. Qg4 Bf8 20. Qf3 Bxe4 21. Qxe4 Qa5 22. Bc3 Qc7 23. Be5 Qc8 24. c4 Rd7 25. Rxd7 Qxd7 26. Re3 Rd8 27. Rb3 b5 28. cxb5 axb5 29. Bc3 Rc8 30. Bb4 f5 31. Qf3 Bxb4 32. Rxb4 h6 33. Rb3 Rc1+ 34. Kh2 Rc2 35. Kg2 Kh7 36. g4 Rc1 37. Rd3 Qc8 38. gxf5 exf5 39. Rd5 Rc5 40. b4 Rxd5 41. Qxd5 Qa6 42. Qxf5+ Kh8 43. a3 Qc6+ 44. Qf3 Qg6+ 45. Kh2 Qd6+ 46. Qg3 Qd5 47. Qe3 Kh7 48. Kg3 Kg6 49. Qb6+ Kh7 50. Qc5 Qd3+ 51. f3 Qf1 52. Qf5+ Kh8 53. Qc8+ Kh7 54. Qc2+ Kh8 55. Qf2 Qd3 56. Qc5 Qg6+ 57. Kf4 Qf6+ 58. Kg3 Qg6+ 59. Kf2 Qd3 60. Qe3 Qd7 61. h4 Qd8 62. Qe4 Qb8 63. Ke2 Qg8 64. Ke3 Qb3+ 65. Kd4 Qxa3 66. Kc5 Qa6 67. Qe8+ Kh7 68. Qxb5 Qa7+ 69. Kc4 Qa2+ 70. Kd3 Qb1+ 71. Ke2 Qc2+ 72. Ke3 Qc1+ 73. Kf2 Qd2+ 74. Kf1 g6 75. Qb7+ Kg8 76. Qe4 Kf7 77. Qc4+ Kf6 78. b5 Qd1+ 79. Kg2 Qd2+ 80. Kh3 Qf2 81. Qf4+ Ke6 82. Qg3 Qf1+ 83. Qg2 Qb1 84. Qg4+ Kf7 85. Qf4+ Kg7 86. Qe5+ Kg8 87. Qd5+ Kg7 88. Qd7+ Kg8 89. Qc8+ Kg7 90. Qc7+ Kg8 91. b6 Qf1+ 92. Kg3 Qg1+ 93. Kf4 Qd4+ 94. Kg3 Qg1+ 95. Kh3 Qf1+ 1/2-1/2

[Event "Tanta op 1st"]
[Site "Tanta"]
[Date "1997.??.??"]
[Round "10"]
[White "Hartman, Christer"]
[Black "Salem, Zahed"]
[Result "1-0"]
[WhiteElo "2310"]
[BlackElo "2195"]
[PlyCount "55"]
[EventDate "1997.??.??"]
[EventType "swiss"]
[EventRounds "10"]
[EventCountry "EGY"]
[SourceTitle "EXT 1998"]
[Source "ChessBase"]
[SourceDate "1997.11.17"]
[SourceVersion "1"]
[SourceVersionDate "1997.11.17"]
[SourceQuality "1"]

1. e4 c5 2. Nf3 Nf6 3. d3 d5 4. Nbd2 Bg4 5. h3 Bxf3 6. Qxf3 Nc6 7. Qd1 e6 8. g3 Bd6 9. Bg2 0-0 10. 0-0 Rc8 11. f4 Bb8 12. c3 Qb6 13. e5 Nd7 14. c4 Nd4 15. cxd5 exd5 16. Bxd5 c4 17. Nxc4 Rxc4 18. dxc4 Nc2+ 19. Kg2 Nxa1 20. b3 Qg6 21. Rf2 Qb1 22. Rb2 Qg6 23. Re2 Qb1 24. Be4 Nc2 25. Bxc2 Qa1 26. Qd3 g6 27. Ba3 Nxe5 28. fxe5 1-0

[Event "Karsten Kold op"]
[Site "Gistrup"]
[Date "1997.??.??"]
[Round "6"]
[White "Hartman, Christer"]
[Black "Sher, Miron Naumovich"]
[Result "1-0"]
[WhiteElo "2320"]
[BlackElo "2425"]
[PlyCount "79"]
[EventDate "1997.07.??"]
[EventType "swiss"]
[EventRounds "10"]
[EventCountry "DEN"]
[SourceTitle "EXT 1998"]
[Source "ChessBase"]
[SourceDate "1997.11.17"]
[SourceVersion "1"]
[SourceVersionDate "1997.11.17"]
[SourceQuality "1"]

1. e4 c5 2. Nf3 d6 3. d4 Nf6 4. Nc3 cxd4 5. Nxd4 Nc6 6. Bg5 e6 7. Qd2 a6 8. 0-0-0 h6 9. Be3 Qc7 10. f4 Bd7 11. h3 b5 12. Bd3 Na5 13. Kb1 Be7 14. g4 Nc4 15. Bxc4 Qxc4 16. g5 hxg5 17. fxg5 Nh5 18. e5 d5 19. g6 Bb4 20. gxf7+ Kf8 21. Nde2 Bxc3 22. Nxc3 Ng3 23. b3 Qc6 24. Qf2 Nf5 25. Ne2 Kxf7 26. Nd4 Qb7 27. Nxf5 exf5 28. Bd4 Be6 29. Rd3 Rag8 30. Rg1 g6 31. Rdg3 Rh7 32. Qg2 Rhg7 33. Be3 f4 34. Bxf4 Bf5 35. Bg5 Ke6 36. Bf6 Rc7 37. Rc1 Qc6 38. Rf3 d4 39. Qg3 Qe4 40. Rf4 1-0

[Event "Karsten Kold op"]
[Site "Gistrup"]
[Date "1997.??.??"]
[Round "3"]
[White "Volzhin, Alexander"]
[Black "Hartman, Christer"]
[Result "1-0"]
[WhiteElo "2495"]
[BlackElo "2320"]
[PlyCount "47"]
[EventDate "1997.07.??"]
[EventType "swiss"]
[EventRounds "10"]
[EventCountry "DEN"]
[SourceTitle "EXT 1998"]
[Source "ChessBase"]
[SourceDate "1997.11.17"]
[SourceVersion "1"]
[SourceVersionDate "1997.11.17"]
[SourceQuality "1"]

1. Nf3 d5 2. d4 Nf6 3. c4 dxc4 4. e3 e6 5. Bxc4 c5 6. 0-0 a6 7. Bb3 Nc6 8. Nc3 Be7 9. dxc5 Qxd1 10. Rxd1 Bxc5 11. Bd2 Ba7 12. Rac1 Ke7 13. Ng5 Bd7 14. Nce4 Nxe4 15. Nxe4 b6 16. Rxc6 Bxc6 17. Bb4+ Ke8 18. Nd6+ Ke7 19. e4 Bb8 20. e5 Bd5 21. Nc8+ Ke8 22. Nxb6 Ra7 23. Nxd5 exd5 24. Bxd5 1-0

[Event "Berliner Sommer 14th"]
[Site "Berlin"]
[Date "1996.??.??"]
[Round "6"]
[White "Groszpeter, Attila"]
[Black "Hartman, Christer"]
[Result "1/2-1/2"]
[WhiteElo "2545"]
[BlackElo "2370"]
[PlyCount "61"]
[EventDate "1996.08.??"]
[EventType "swiss"]
[EventRounds "9"]
[EventCountry "GER"]
[SourceTitle "CBM 054 Extra"]
[Source "ChessBase"]
[SourceDate "1996.11.01"]
[SourceVersion "1"]
[SourceVersionDate "1996.11.01"]
[SourceQuality "1"]

1. e4 e5 2. Nf3 Nc6 3. Bb5 a6 4. Ba4 Nf6 5. 0-0 Nxe4 6. d4 b5 7. Bb3 d5 8. dxe5 Be6 9. c3 Be7 10. Nbd2 0-0 11. Bc2 Nxd2 12. Qxd2 Bg4 13. Qd3 g6 14. Nd4 Nxd4 15. cxd4 Bf5 16. Qc3 Bxc2 17. Qxc2 Qd7 18. Be3 Rac8 19. Rfc1 c5 20. dxc5 d4 21. c6 Qd5 22. Qd3 Rfd8 23. c7 Rd7 24. Bf4 Rdxc7 25. Rxc7 Rxc7 26. e6 Rc6 27. exf7+ Kxf7 28. a4 Rc4 29. axb5 axb5 30. Re1 Bf6 31. Bd2 1/2-1/2

[Event "Politiken Cup 18th"]
[Site "Copenhagen"]
[Date "1996.??.??"]
[Round "4"]
[White "Hartman, Christer"]
[Black "Koskinen, Henri"]
[Result "1/2-1/2"]
[WhiteElo "2370"]
[BlackElo "2230"]
[PlyCount "126"]
[EventDate "1996.06.??"]
[EventType "swiss"]
[EventRounds "11"]
[EventCountry "DEN"]
[SourceTitle "CBM 054 Extra"]
[Source "ChessBase"]
[SourceDate "1996.11.01"]
[SourceVersion "1"]
[SourceVersionDate "1996.11.01"]
[SourceQuality "1"]

1. e4 e5 2. Nf3 Nc6 3. Bb5 a6 4. Ba4 Nf6 5. 0-0 Be7 6. Re1 b5 7. Bb3 d6 8. c3 0-0 9. h3 Na5 10. Bc2 c5 11. d4 cxd4 12. cxd4 Bb7 13. Nbd2 Rc8 14. d5 Nh5 15. Nf1 Nc4 16. a4 Nf4 17. b3 Nb6 18. axb5 axb5 19. Ra7 Qc7 20. Bxf4 exf4 21. Bd3 Qb8 22. Ra5 Bf6 23. e5 dxe5 24. Rxb5 Bxd5 25. Be4 Bxe4 26. Rxe4 Qa8 27. Reb4 Rfd8 28. Qe1 Nd5 29. Rc4 Rb8 30. Ra5 Qb7 31. N1d2 Nb4 32. Ne4 Nd3 33. Qe2 Qxb3 34. Nfd2 Qb6 35. Rca4 Nb4 36. Qg4 Qe6 37. Nxf6+ Qxf6 38. Ne4 Qe7 39. Ra7 Rb7 40. Nf6+ Kh8 41. Qf5 gxf6 42. Rxb7 Rd1+ 43. Kh2 Qxb7 44. Qxf6+ Kg8 45. Qg5+ Kf8 46. Qxe5 Nc6 47. Qh8+ Ke7 48. Re4+ Kd7 49. Qe8+ Kd6 50. Rxf4 Qe7 51. Qxf7 Qxf7 52. Rxf7 h5 53. Rf6+ Kc5 54. Rf5+ Rd5 55. Rxd5+ Kxd5 56. Kg3 Ne5 57. Kh4 Nd3 58. f3 Ke5 59. g3 Nf2 60. Kxh5 Nxh3 61. Kg6 Nf4+ 62. gxf4+ Kxf4 63. Kf6 Kxf3 1/2-1/2

[Event "Politiken Cup 18th"]
[Site "Copenhagen"]
[Date "1996.??.??"]
[Round "10"]
[White "Hartman, Christer"]
[Black "Molvig, Henrik"]
[Result "1/2-1/2"]
[WhiteElo "2370"]
[BlackElo "2180"]
[PlyCount "64"]
[EventDate "1996.06.??"]
[EventType "swiss"]
[EventRounds "11"]
[EventCountry "DEN"]
[SourceTitle "CBM 054 Extra"]
[Source "ChessBase"]
[SourceDate "1996.11.01"]
[SourceVersion "1"]
[SourceVersionDate "1996.11.01"]
[SourceQuality "1"]

1. e4 c5 2. Nf3 d6 3. d4 cxd4 4. Nxd4 Nf6 5. Nc3 a6 6. Bg5 e6 7. f4 Be7 8. Qf3 Qc7 9. 0-0-0 Nbd7 10. g4 b5 11. Bxf6 Nxf6 12. g5 Nd7 13. f5 Nc5 14. f6 gxf6 15. gxf6 Bf8 16. Rg1 Bd7 17. Rg7 Bxg7 18. fxg7 Rg8 19. e5 0-0-0 20. exd6 Qb6 21. Qxf7 b4 22. Nce2 Qxd6 23. Ng3 e5 24. Ngf5 Bxf5 25. Qxf5+ Kb8 26. Nc6+ Qxc6 27. Rxd8+ Rxd8 28. Qxe5+ Ka8 29. Qg5 Qd6 30. Bg2+ Ka7 31. Bd5 h6 32. Qxd8 Qf4+ 1/2-1/2

[Event "Berliner Sommer 14th"]
[Site "Berlin"]
[Date "1996.??.??"]
[Round "5"]
[White "Hartman, Christer"]
[Black "Schmidt, A."]
[Result "1-0"]
[WhiteElo "2370"]
[BlackElo "2170"]
[PlyCount "93"]
[EventDate "1996.08.??"]
[EventType "swiss"]
[EventRounds "9"]
[EventCountry "GER"]
[SourceTitle "CBM 054 Extra"]
[Source "ChessBase"]
[SourceDate "1996.11.01"]
[SourceVersion "1"]
[SourceVersionDate "1996.11.01"]
[SourceQuality "1"]

1. e4 e5 2. Nf3 Nf6 3. Nc3 Nc6 4. Bb5 Nd4 5. Ba4 Bc5 6. Nxe5 0-0 7. Nd3 Bb6 8. e5 Ne8 9. 0-0 d6 10. exd6 Nxd6 11. Nd5 c6 12. Ne3 Bc7 13. c3 b5 14. Bb3 Nxb3 15. axb3 Ne4 16. Ne1 Qd6 17. g3 Bh3 18. N3g2 Qd5 19. d4 Rfe8 20. Be3 Nf6 21. f3 Re7 22. Bf4 Bb6 23. b4 Rae8 24. Rf2 g5 25. Bd2 h6 26. Nc2 Qb3 27. Qc1 Bf5 28. Nce3 Bd3 29. Qd1 Qe6 30. Bc1 Bg6 31. Qf1 Qh3 32. Bd2 Qe6 33. Re1 Qb3 34. Bc1 Bc7 35. Rd2 a5 36. bxa5 Bxa5 37. Qf2 Bb6 38. Nd1 Nd5 39. Rxe7 Rxe7 40. Nde3 Nxe3 41. Nxe3 c5 42. Nc2 Bxc2 43. dxc5 Bxc5 44. Qxc5 Re1+ 45. Kf2 Rxc1 46. Rd8+ Kh7 47. Qf8 1-0

[Event "Politiken Cup 18th"]
[Site "Copenhagen"]
[Date "1996.??.??"]
[Round "9"]
[White "Nielsen, Carsten Juul"]
[Black "Hartman, Christer"]
[Result "0-1"]
[WhiteElo "2080"]
[BlackElo "2370"]
[PlyCount "84"]
[EventDate "1996.06.??"]
[EventType "swiss"]
[EventRounds "11"]
[EventCountry "DEN"]
[SourceTitle "CBM 054 Extra"]
[Source "ChessBase"]
[SourceDate "1996.11.01"]
[SourceVersion "1"]
[SourceVersionDate "1996.11.01"]
[SourceQuality "1"]

1. d4 d5 2. c4 dxc4 3. e4 Nc6 4. Nf3 Bg4 5. Bxc4 Bxf3 6. Qxf3 e6 7. d5 Ne5 8. Bb5+ c6 9. Qg3 cxb5 10. Qxe5 Qd6 11. Qxd6 Bxd6 12. dxe6 fxe6 13. Nc3 a6 14. Be3 Be5 15. Rb1 Nf6 16. f3 Rc8 17. Ne2 Ke7 18. 0-0 Rhd8 19. Rfc1 Rxc1+ 20. Rxc1 Bxb2 21. Rc7+ Rd7 22. Rc2 Be5 23. g3 Rc7 24. Rxc7+ Bxc7 25. Bd4 g6 26. Kf2 Nd7 27. Ke3 Ne5 28. h3 Kd7 29. Bc3 Nc6 30. f4 b4 31. Bb2 b5 32. g4 Na5 33. Kd3 b3 34. a3 Nc4 35. Kc3 Ba5+ 36. Kxb3 Nd2+ 37. Kc2 Nxe4 38. Bd4 Kc6 39. Kd3 Kd5 40. Ba7 Bc7 41. Kc2 Kc4 42. Nd4 Bxf4 0-1